00528 2200217 4500001002100000005001500021035002000036007000300056008004100059020002200100082000800122084001400130100001400144245002300158250001100181260003300192300003700225990001600262990001600278990001600294INLIS00000000000011620190502123256 a0010-0519000025ta190502 0 ind  a978-602-8997-90-4 a813 a813 TER r0 aTERE LIYE1 aRINDU /cTERE LIYE aed. 48 aJakarta :bRepublik Penerbit aii + 544 hlm. ;c20.5 x 13.5 cm. a00000013461 a00000000840 a00000012169